000 00294nam a22001337a 4500
008 170307b xxu||||| |||| 00| 0 eng d
020 _a0890043191
041 _aeng
080 _a611
100 _a6
101 _aSHM
245 _aCHRONIC DIARRHEA IN CHILDREN
_cLEBENTHAL, E
942 _2udc
_cBK
999 _c6999
_d6999